[Event "Konjic op 12th"]
[Site "Konjic"]
[Date "2023.03.04"]
[Round "6"]
[White "Kote, Aleks"]
[Black "Baric, Marko"]
[Result "1/2-1/2"]
[WhiteElo "1503"]
[BlackElo "1974"]
[PlyCount "75"]
[EventDate "2023.03.01"]
[EventType "swiss"]
[EventRounds "7"]
[EventCountry "BIH"]
[SourceTitle "CBM 213 Extra"]
[Source "ChessBase"]
[SourceDate "2023.05.31"]
[SourceVersion "1"]
[SourceVersionDate "2023.05.31"]
[SourceQuality "1"]

1. e4 c5 2. Nf3 Nc6 3. Bb5 g6 4. 0-0 Bg7 5. c3 Nf6 6. Re1 0-0 7. d4 d5 8. e5 Ne4 9. Be3 Qb6 10. Bxc6 Qxc6 11. Nbd2 Nxd2 12. Qxd2 b6 13. Bh6 Bf5 14. Bxg7 Kxg7 15. Nh4 Be6 16. Re3 Rac8 17. Nf3 h6 18. a4 f5 19. exf6+ exf6 20. Rae1 Bf7 21. Qc2 Rfe8 22. Re7 Rxe7 23. Rxe7 Rc7 24. Rxc7 Qxc7 25. h3 Qe7 26. Qd3 c4 27. Qc2 Be8 28. b3 Qe4 29. Qa2 Qd3 30. bxc4 dxc4 31. Qa3 Bf7 32. a5 Qb1+ 33. Kh2 Qb3 34. Qe7 Qxc3 35. d5 Qxa5 36. d6 Qc5 37. Nd4 Qxd4 38. d7 1/2-1/2

[Event "Konjic op 12th"]
[Site "Konjic"]
[Date "2023.03.02"]
[Round "3"]
[White "Bytyqi, Gzim"]
[Black "Kote, Aleks"]
[Result "1-0"]
[WhiteElo "1916"]
[BlackElo "1503"]
[PlyCount "59"]
[EventDate "2023.03.01"]
[EventType "swiss"]
[EventRounds "7"]
[EventCountry "BIH"]
[SourceTitle "CBM 213 Extra"]
[Source "ChessBase"]
[SourceDate "2023.05.31"]
[SourceVersion "1"]
[SourceVersionDate "2023.05.31"]
[SourceQuality "1"]

1. Nf3 Nf6 2. g3 g6 3. c4 c5 4. Bg2 Bg7 5. 0-0 0-0 6. Nc3 Nc6 7. e3 d6 8. d4 cxd4 9. exd4 e6 10. Qd2 d5 11. c5 Ne4 12. Qd1 Qf6 13. Be3 h6 14. Nxe4 dxe4 15. Nd2 Nxd4 16. Nxe4 Qd8 17. Nd6 Nf5 18. Qd2 Nxd6 19. cxd6 a6 20. Rfd1 Bd7 21. Bxh6 Rb8 22. Rac1 Qb6 23. Bxg7 Kxg7 24. Qc3+ Kg8 25. Qc7 Qb5 26. Bf1 Qxb2 27. Rb1 Qa3 28. Qxd7 Rfd8 29. Qc7 b5 30. d7 1-0

[Event "Konjic op 12th"]
[Site "Konjic"]
[Date "2023.03.01"]
[Round "1"]
[White "Kote, Aleks"]
[Black "Zenelaj, Fisnik"]
[Result "0-1"]
[WhiteElo "1503"]
[BlackElo "1968"]
[PlyCount "76"]
[EventDate "2023.03.01"]
[EventType "swiss"]
[EventRounds "7"]
[EventCountry "BIH"]
[SourceTitle "CBM 213 Extra"]
[Source "ChessBase"]
[SourceDate "2023.05.31"]
[SourceVersion "1"]
[SourceVersionDate "2023.05.31"]
[SourceQuality "1"]

1. e4 c5 2. Nf3 d6 3. d4 cxd4 4. Nxd4 Nf6 5. Nc3 a6 6. Be3 e5 7. Nb3 Be7 8. Be2 Be6 9. 0-0 b5 10. a3 0-0 11. Kh1 Nbd7 12. f4 Rc8 13. f5 Bc4 14. Nd2 Nb6 15. g4 d5 16. Bxb6 Qxb6 17. Nxc4 bxc4 18. Nxd5 Nxd5 19. exd5 Qxb2 20. d6 Rfd8 21. Bxc4 Rxd6 22. Qe2 Qc3 23. Bd3 Bg5 24. Rab1 Bf4 25. Rb3 Qc5 26. Rf3 a5 27. h3 Qc7 28. Qe4 f6 29. Rb7 Qc3 30. Rxf4 Rd4 31. Qf3 exf4 32. Re7 Qc6 33. Be4 Qd6 34. Qb3+ Kh8 35. Re6 Rd1+ 36. Kh2 Qd4 37. Qb6 Rxc2+ 38. Bxc2 Qd2+ 0-1

[Event "EU-ch Hybrid U12"]
[Site "Tornelo INT"]
[Date "2021.10.15"]
[Round "3"]
[White "Kote, Aleks"]
[Black "Kaleshi, Patrik"]
[Result "1-0"]
[WhiteElo "1301"]
[BlackElo "1128"]
[PlyCount "55"]
[EventDate "2021.10.15"]
[EventType "swiss"]
[EventRounds "9"]
[EventCountry "NET"]
[SourceTitle "EXT 2023"]
[Source "ChessBase"]
[SourceDate "2022.10.05"]
[SourceVersion "1"]
[SourceVersionDate "2022.10.05"]
[SourceQuality "1"]
[WhiteTeam "Albania"]
[BlackTeam "Albania"]
[WhiteTeamCountry "ALB"]
[BlackTeamCountry "ALB"]

1. e4 e5 2. Nf3 Nc6 3. Bc4 Nf6 4. Ng5 d5 5. exd5 b5 6. Bb3 Nd4 7. 0-0 Nxb3 8. axb3 Nxd5 9. Ne4 Bd6 10. Nxd6+ Qxd6 11. Nc3 a6 12. Nxb5 Qc6 13. Nc3 Nf4 14. f3 Qg6 15. g3 0-0 16. d3 Bh3 17. Re1 Nh5 18. Qe2 Rae8 19. Qe4 Bf5 20. Qh4 Nf4 21. Bxf4 exf4 22. Qxf4 Bh3 23. Ne4 f5 24. Ng5 Qb6+ 25. d4 Qa5 26. Rxa5 Rxe1+ 27. Kf2 Rfe8 28. Re5 1-0

[Event "Struga Youth op-A 2nd"]
[Site "Struga"]
[Date "2021.09.08"]
[Round "1"]
[White "Kote, Aleks"]
[Black "Petreski, Leonid"]
[Result "0-1"]
[WhiteElo "1307"]
[BlackElo "1811"]
[PlyCount "66"]
[EventDate "2021.09.08"]
[EventType "swiss"]
[EventRounds "7"]
[EventCountry "MKD"]
[SourceTitle "CBM 204 Extra"]
[Source "ChessBase"]
[SourceDate "2021.11.30"]
[SourceVersion "1"]
[SourceVersionDate "2021.11.30"]
[SourceQuality "1"]

1. e4 e5 2. Nf3 Nc6 3. Bc4 Bc5 4. c3 Nf6 5. d4 exd4 6. cxd4 Bb4+ 7. Nc3 Nxe4 8. 0-0 Bxc3 9. d5 Bf6 10. Re1 0-0 11. Rxe4 Ne7 12. Bg5 Bxg5 13. Nxg5 d6 14. Qe2 Ng6 15. Nf3 Bf5 16. Re3 Qf6 17. Re1 c6 18. dxc6 bxc6 19. Qd2 d5 20. Bd3 d4 21. R3e2 Bxd3 22. Qxd3 Nf4 23. Qxd4 Nxe2+ 24. Rxe2 Qxd4 25. Nxd4 Rad8 26. Nf3 Rd1+ 27. Ne1 Rfd8 28. Kf1 Kf8 29. f3 R8d2 30. a3 c5 31. Kf2 Rxe2+ 32. Kxe2 Rb1 33. Nd3 c4 0-1

[Event "Ohrid Lasker U20 op"]
[Site "Ohrid"]
[Date "2019.10.13"]
[Round "7"]
[White "Zlatkov, Anton"]
[Black "Kote, Aleks"]
[Result "1-0"]
[WhiteElo "1800"]
[BlackElo "1366"]
[PlyCount "71"]
[EventDate "2019.10.10"]
[EventType "swiss"]
[EventRounds "7"]
[EventCountry "MKD"]
[SourceTitle "CBM 192 Extra"]
[Source "Chessbase"]
[SourceDate "2019.11.06"]
[SourceVersion "1"]
[SourceVersionDate "2019.11.06"]
[SourceQuality "1"]

1. e4 c5 2. c3 d5 3. exd5 Qxd5 4. d4 Nc6 5. Nf3 Bg4 6. Be2 e6 7. Be3 cxd4 8. cxd4 Nf6 9. Nc3 Qd8 10. 0-0 Be7 11. Qb3 Rb8 12. h3 Bh5 13. Rad1 Nd5 14. Nxd5 Qxd5 15. Qxd5 exd5 16. g4 Bg6 17. Ne5 0-0 18. Nd7 Rbd8 19. Nxf8 Kxf8 20. a3 f6 21. b4 a6 22. Bd3 Bxd3 23. Rxd3 Ke8 24. Rb1 b5 25. Rc1 Rd6 26. Rc5 g5 27. f4 Bd8 28. Bf2 Bb6 29. Rc1 Kf7 30. Kf1 Ne7 31. Re3 Bxd4 32. Rxe7+ Kxe7 33. Bxd4 Kd7 34. Rc5 Ke7 35. Rc7+ Kf8 36. Bc5 1-0

[Event "EU-ch U10"]
[Site "Bratislava"]
[Date "2019.08.06"]
[Round "5"]
[White "Dimitrov, Martin"]
[Black "Kote, Aleks"]
[Result "1-0"]
[WhiteElo "1473"]
[BlackElo "1257"]
[PlyCount "91"]
[EventDate "2019.08.02"]
[EventType "swiss"]
[EventRounds "9"]
[EventCountry "SVK"]
[SourceTitle "EXT 2020"]
[Source "ChessBase"]
[SourceDate "2019.10.17"]
[SourceVersion "1"]
[SourceVersionDate "2019.10.17"]
[SourceQuality "1"]

1. e4 c5 2. b3 Nc6 3. Bb2 Nf6 4. e5 Nd5 5. Qf3 e6 6. Qg3 Nde7 7. Bd3 d6 8. Nf3 Ng6 9. Bb5 d5 10. Bxc6+ bxc6 11. d3 Be7 12. h4 h5 13. Nbd2 Qc7 14. 0-0-0 a5 15. a4 Bd7 16. Ng5 Bxg5 17. Qxg5 Qd8 18. Qg3 Qb6 19. f4 Rb8 20. Rde1 Qb4 21. Ref1 Rh7 22. Qg5 Ne7 23. g4 hxg4 24. Qxg4 Nf5 25. Rfg1 Nd4 26. h5 Nf5 27. Qg5 Ne3 28. h6 g6 29. Qf6 Nf5 30. Rxg6 fxg6 31. Qxg6+ Kd8 32. Qxh7 Kc7 33. c4 dxc4 34. dxc4 Ng3 35. Rh2 Nf5 36. Qg6 Nd4 37. Qd3 Nf5 38. h7 Rh8 39. Qc3 Qxc3+ 40. Bxc3 Kb6 41. Ne4 Be8 42. Nf6 Bg6 43. Nd7+ Kc7 44. Nxc5 Rxh7 45. Nxe6+ Kd7 46. Nf8+ 1-0

[Event "EU-ch U10"]
[Site "Bratislava"]
[Date "2019.08.02"]
[Round "1"]
[White "Sommer, Justus"]
[Black "Kote, Aleks"]
[Result "1-0"]
[WhiteElo "1671"]
[BlackElo "1257"]
[PlyCount "95"]
[EventDate "2019.08.02"]
[EventType "swiss"]
[EventRounds "9"]
[EventCountry "SVK"]
[SourceTitle "EXT 2020"]
[Source "ChessBase"]
[SourceDate "2019.10.17"]
[SourceVersion "1"]
[SourceVersionDate "2019.10.17"]
[SourceQuality "1"]

1. e4 c5 2. Nf3 d6 3. Bb5+ Bd7 4. Bxd7+ Nxd7 5. 0-0 Ngf6 6. Re1 g6 7. d4 cxd4 8. Nxd4 Bg7 9. c4 0-0 10. Nc3 Ne5 11. b3 Nfd7 12. Nf3 Nxf3+ 13. Qxf3 Ne5 14. Qe3 Qb6 15. Qd2 Qb4 16. Bb2 Rfe8 17. Qc2 e6 18. Red1 Red8 19. Rab1 Rac8 20. a3 Qc5 21. Qe2 Qb6 22. Ba1 a6 23. Na4 Qc6 24. Bd4 b5 25. cxb5 axb5 26. Nc3 Rb8 27. Rbc1 Qa8 28. Nxb5 Qa6 29. a4 Rdc8 30. Qb2 Rxc1 31. Qxc1 Rc8 32. Qb2 Qc6 33. f4 Qxe4 34. Nxd6 Nf3+ 35. gxf3 Qxf3 36. Rf1 Qg4+ 37. Kh1 Qh3 38. Qg2 Qxg2+ 39. Kxg2 Rc2+ 40. Rf2 Rc6 41. Bxg7 Kxg7 42. Nc4 Kf6 43. a5 Ke7 44. Ra2 Ra6 45. b4 f6 46. b5 Ra8 47. a6 Kd7 48. Nb6+ 1-0